[Event "1st Gujarat GM Open 2018"]
[Site "Ahmedabad"]
[Date "2018.10.12"]
[Round "10"]
[White "Dahale, Atul"]
[Black "Jubin Jimmy"]
[Result "1/2-1/2"]
[WhiteElo "2171"]
[BlackElo "2308"]
[Annotator "TA"]
[PlyCount "63"]
[EventDate "2018.10.05"]
[EventType "swiss"]
[EventCountry "IND"]
[SourceTitle "playchess.com"]
[Source "ChessBase"]
[SourceQuality "1"]

{[%evp 14,63,75,58,79,67,85,32,27,31,53,51,54,18,22,15,48,28,41,41,52,24,24,24,24,24,24,24,24,26,26,29,24,9,22,21,29,29,31,0,0,-6,-10,-28,0,-28,-28,-28,-28,-28,0,-29]} 1. d4 Nf6 2. c4 e6 3. Nc3 Bb4 4. e3 O-O 5. Bd3 d6 6. Nge2 e5 7. O-O Bxc3 8. Nxc3 Nbd7 {E47: Nimzo-Indian: Rubinstein: 5 Bd3 without ...d5} (8... Nc6 9. d5 Nb4 10. Bb1 a5 11. a3 Na6 12. Bc2 Bg4 13. f3 Bh5 14. e4 Nd7 15. g4 Bg6 16. Be3 {1-0 (40) Tregubov,P (2608)-Dgebuadze,A (2529) Belgium 2014}) 9. d5 (9. b3 {seems wilder.} b6 10. Bc2 a5 11. d5 Nc5 12. e4) 9... Nc5 10. e4 ({White should play} 10. Bc2 $16) 10... Nxd3 $14 {White is slightly better.} 11. Qxd3 Nd7 12. Be3 $146 ({Predecessor:} 12. Qg3 a5 13. Bh6 Qf6 {1-0 (24) Hagedorn,M-Hopf,W DESC email 1999}) 12... a5 13. Rad1 b6 14. b3 Ba6 15. g3 Qe7 16. Rde1 Rae8 17. f4 exf4 18. gxf4 f5 {[%cal Rf5e4]} 19. Bd4 {Black should prevent Qg3.} fxe4 20. Nxe4 {[#] Ng5 is the strong threat.} Qh4 21. Qg3 Qxg3+ 22. hxg3 h6 23. Re3 Kf7 24. Rfe1 Bc8 25. Kf2 Nf6 26. Nxf6 (26. Bxf6 {feels hotter.} gxf6 27. Nc3 Rxe3 28. Rxe3 Bd7 29. Nb5) 26... Rxe3 27. Rxe3 gxf6 {KRB-KRB} 28. Re1 Bg4 29. a3 Ra8 30. Ra1 Re8 31. Re1 Ra8 32. Ra1 {Precision: White = 41%, Black = 55%.} 1/2-1/2

[Event "1st Gujarat GM Open 2018"]
[Site "Ahmedabad"]
[Date "2018.10.12"]
[Round "10"]
[White "Rakshitta Ravi"]
[Black "Parthasarathy R"]
[Result "0-1"]
[WhiteElo "2160"]
[BlackElo "1993"]
[Annotator "TA"]
[PlyCount "109"]
[EventDate "2018.10.05"]
[EventType "swiss"]
[EventCountry "IND"]
[SourceTitle "playchess.com"]
[Source "ChessBase"]
[SourceQuality "1"]

{[%evp 19,109,27,31,-60,-40,-196,-205,-218,-209,-181,-177,-212,-221,-425,-438,-461,-456,-509,-458,-521,-438,-443,-220,-209,-208,-270,-210,-215,-217,-210,-10,-128,-120,-129,-89,-311,-243,-260,-243,-218,0,0,0,0,0,0,0,-22,0,-19,0,-30,-37,-54,-54,-166,-52,-115,-58,-86,-36,-136,-128,-245,-250,-296,-285,-285,-161,-591,-558,-561,-550,-1211,-1196,-960,-231,-367,-149,-150,0,-329,-152,-29984,-29985,-29985,-29986,-29986,-29983,-29991,-29992,-29995]} 1. e4 e5 2. Nf3 Nc6 3. Bc4 Nf6 4. d3 Be7 5. O-O O-O 6. Re1 d6 7. a4 {[%cal Ba2a4,Ba4a5][%mdl 32]} Kh8 8. a5 {C55: Two Knights: 4 d3, 4 d4 exd4 5 e5 and Max Lange Attack} (8. Nc3 Ng8 9. Nd5 f5 10. h3 fxe4 11. dxe4 Nf6 12. a5 a6 13. Ra3 Be6 14. Nxf6 Bxc4 15. Nd5 Bb5 {½-½ (67) Caruana,F (2822)-Grischuk,A (2766) Saint Louis 2018}) 8... a6 9. c3 Ng8 10. Nbd2 f5 {[%cal Bf7f5,Bf5f4][%mdl 32] LiveBook: 3 Games} 11. Qb3 (11. Nf1 $14) 11... g5 $1 $15 {[%cal Bg7g5,Bg5g4][%mdl 32]} 12. h4 $146 (12. h3 $15) ({Predecessor:} 12. h3 f4 13. Nh2 Nf6 14. Ndf3 Nd7 15. d4 Bf6 16. Bd5 exd4 17. Bxc6 {1-0 (59) Eisenbeiser,A (2369)-Hommeles,T (2403) Baden 2015}) 12... g4 $19 13. Ng5 Bxg5 14. hxg5 f4 $1 15. Nf1 Qxg5 16. g3 $2 (16. Bxg8 Rxg8 17. Qf7) 16... Nge7 17. Qc2 Qh5 18. f3 gxf3 19. Qh2 Bh3 20. Kf2 Rf6 (20... Qg4 $142 21. Nd2 Bg2) 21. gxf4 exf4 22. Bxf4 Ng6 23. Bg3 Nce5 24. Ne3 {[#]} Nxc4 $2 (24... d5 $1 $19 {[%mdl 512]} 25. exd5 (25. Bxd5 Nxd3+) 25... Re8) 25. Nxc4 (25. dxc4 $11 Ne5 26. Rad1) 25... Rg8 $1 $17 26. Ne3 Ne5 27. Rad1 $2 (27. Bxe5 $17 dxe5 28. Rg1) 27... Rfg6 28. Rg1 {White wants to play Bxe5+.} Ng4+ 29. Nxg4 Bxg4 $2 (29... Rxg4 $19 30. b4 R8g7) 30. Qxh5 $11 Bxh5 31. e5 Re8 32. Rde1 d5 33. d4 Kg8 34. Bh4 Bg4 35. Bf6 Kf7 36. Rh1 h5 37. Reg1 (37. Rhg1 $15) 37... Ke6 ({Black should play} 37... Rxf6 $19 38. exf6 Re2+ 39. Kg3 Kxf6) 38. Rh4 ({Better is} 38. Re1 $15) 38... Kd7 ({Black should try} 38... Rc8 $17 39. b4 Rcg8) 39. Ra1 Kc6 40. Ra4 (40. Rhh1 $15) 40... Reg8 $17 41. Rh2 (41. Ra1 $17) 41... Bf5 $1 $19 {[%cal Rf5e4]} 42. Kxf3 Be4+ 43. Kf2 {[#]} Rg1 (43... h4 $142 $1 {[%mdl 512] White must now prevent ...Rg2+.} 44. Rh3 (44. Bxh4 Rh8) 44... Rg2+ 45. Ke3 R8g3+ 46. Rxg3 Rxg3+ 47. Kf4 Rf3+ 48. Kg4 h3) 44. e6 $2 (44. c4 {is tougher.}) 44... Rc1 45. Be5 Rf8+ $1 46. Kg3 Rg1+ 47. Kh4 Re8 $2 (47... Rfg8 {( -> ...R1g4+)} 48. e7 Kd7) 48. Rf2 {[#]} (48. e7 {was necessary.}) 48... Rh1+ (48... Reg8 $1 $19 {[%cal Rg8g4] has better winning chances. ...R8g4+ is the strong threat.} 49. e7 Kd7) 49. Rh2 $17 Rg1 $2 ({Don't play} 49... Rxe6 $6 50. Rxh1 Bxh1 51. Ra1 $11) (49... Rb1 $17 50. c4 Rxe6 51. cxd5+ Kxd5 52. Bxc7 Rg1) 50. Rf2 $1 $19 {[#] intending Rf7.} Rxe6 (50... Reg8 $1 $19 {[%cal Rg8g4] Strongly threatening ...R8g4+.} 51. e7 Kd7) 51. Kxh5 $2 (51. Rf6 $17 Rh1+ 52. Kg5 Rxf6 53. Bxf6) 51... Re7 {[%cal Re7h7] Black mates.} 52. Rf6+ Kd7 53. Rh6 Rf7 54. Rh8 Rf3 {[%cal Rf3h3]} 55. Rh7+ {Precision: White = 21%, Black = 54%.} 0-1

[Event "1st Gujarat GM Open 2018"]
[Site "Ahmedabad"]
[Date "2018.10.12"]
[Round "10"]
[White "Utsab Chatterjee"]
[Black "Aaryan Varshney"]
[Result "1/2-1/2"]
[WhiteElo "2149"]
[BlackElo "2286"]
[Annotator "TA"]
[PlyCount "51"]
[EventDate "2018.10.05"]
[EventType "swiss"]
[EventCountry "IND"]
[SourceTitle "playchess.com"]
[Source "ChessBase"]
[SourceQuality "1"]

{[%evp 29,51,64,63,55,62,60,63,65,65,66,67,64,69,71,72,62,61,67,70,51,81,0,71,0]} 1. e4 c5 2. Nf3 d6 3. d4 cxd4 4. Nxd4 Nf6 5. Nc3 a6 6. Be2 e5 7. Nb3 Be7 8. O-O O-O 9. Kh1 b6 10. Be3 Bb7 11. f3 Nbd7 {B92: Sicilian Najdorf: 6 Be2} 12. a4 Qc7 (12... Rc8 13. Rf2 Rc7 14. Bf1 Qa8 15. Rd2 Rfc8 16. Bf2 h6 17. h3 g6 18. Nc1 Rxc3 19. bxc3 {1-0 (52) Ivanchuk,V (2747)-Wei,Y (2707) Doha 2016}) 13. Rf2 Rfd8 $146 ({Predecessor:} 13... Nc5 14. Nxc5 dxc5 15. Bc4 Rad8 16. Rd2 Rxd2 17. Qxd2 Rd8 18. Qe2 a5 19. Rd1 Rxd1+ 20. Qxd1 {1-0 (34) Esen,B (2455)-Soylu,S (2400) Ankara 2007}) 14. Bf1 Nc5 15. Rd2 h6 {LiveBook: 3 Games} 16. Nxc5 dxc5 17. Bc4 Rxd2 18. Qxd2 Rd8 19. Qe2 Qc8 20. Rd1 Rxd1+ 21. Qxd1 Qd7 22. Qe2 a5 23. b3 Bd8 24. Qd2 Be7 25. Qe2 Bd8 $1 26. Qd2 {Precision: White = 50%, Black = 80%.} (26. Bc1 $16) 1/2-1/2

[Event "1st Gujarat GM Open 2018"]
[Site "Ahmedabad"]
[Date "2018.10.12"]
[Round "10"]
[White "Jaeel Atharva"]
[Black "Bhambure, Shantanu"]
[Result "0-1"]
[WhiteElo "2130"]
[BlackElo "2243"]
[Annotator "TA"]
[PlyCount "134"]
[EventDate "2018.10.05"]
[EventType "swiss"]
[EventCountry "IND"]
[SourceTitle "playchess.com"]
[Source "ChessBase"]
[SourceQuality "1"]

{[%evp 13,134,26,32,-15,-3,0,-4,-73,-75,-92,-43,-56,-42,-51,-47,-80,-87,-130,-126,-159,-148,-179,-164,-170,-170,-175,-168,-239,-140,-142,-115,-111,-104,-118,-107,-107,-102,-127,-127,-149,-152,-139,-138,-143,-151,-152,-140,-257,-260,-264,-267,-262,-252,-252,-258,-250,-230,-232,-201,-220,-216,-255,-256,-264,-249,-262,-254,-252,-249,-240,-250,-259,-250,-302,-322,-313,-308,-359,-358,-371,-367,-407,-383,-426,-404,-483,-449,-1206,-1222,-6179,-5601,-1766,-749,-748,-748,-613,-592,-1891,-1889,-1776,-1873,-1721,-822,-1693,-1693,-1565,-1463,-29954,-9493,-29973,-29968,-29975,-29970,-29964,-29965,-29980,-29982,-29985,-29986,-29989,-29988,-29988,-29986]} 1. d4 Nf6 2. Nf3 e6 3. c4 b6 4. g3 Bb7 5. Bg2 Bb4+ 6. Bd2 c5 7. O-O O-O {LiveBook: 114 Games} 8. Be3 $146 {E16: Queen's Indian: 4 g3 Bb7 5 Bg2 Bb4+} ({Predecessor:} 8. Bxb4 cxb4 9. Qd3 d6 10. Nbd2 Qe7 11. e4 e5 12. Ne1 Nc6 13. Nc2 a5 14. Rfe1 Rfe8 15. Rad1 Nd7 16. Nf1 Red8 17. Nfe3 g6 18. b3 Nxd4 19. Nxd4 exd4 20. Qxd4 {½-½ (45) Ding,L (2777)-Ponkratov,P (2613) Riadh 2017}) 8... cxd4 9. Bxd4 Nc6 10. Bxf6 (10. Ne5 $11) 10... Qxf6 $17 (10... gxf6 11. a3 $11) 11. Qc2 Rfd8 12. a3 Bf8 13. Nc3 Rac8 14. Ne4 Qf5 15. Nh4 Qh5 16. Rfd1 Na5 17. b3 d5 18. Nc3 dxc4 19. Rxd8 Rxd8 20. Bxb7 (20. bxc4 {was necessary.} Bxg2 21. Nxg2) 20... Nxb7 (20... cxb3 $19 21. Qb2 Nxb7 22. Qxb3 Na5) 21. bxc4 Qc5 22. Ne4 Qd4 23. Ra2 Na5 24. Nd2 Bc5 25. Ne4 Nxc4 26. Nxc5 Qxc5 27. Nf3 b5 {[%cal Bb6b5,Bb5b4,Bb4c3][%mdl 32]} 28. a4 b4 29. Ra1 {Rc1 would now be nice for White.} Qd5 30. e4 (30. Rc1 $17 {was called for.} Nb6 31. e4) 30... Qd3 $19 31. Qxd3 Rxd3 {[%mdl 4096] Endgame KRN-KRN} 32. Rc1 Rc3 ({Worse is} 32... Rxf3 33. Rxc4 h6 34. Rxb4 $11) 33. Rxc3 bxc3 {KN-KN} 34. Ne1 a5 35. Kf1 Nb2 36. Ke2 Kf8 ({Don't take} 36... Nxa4 37. Kd3 $17) 37. Ke3 Ke7 ({Much less strong is} 37... Nxa4 38. Kd4 $17) 38. Kd4 Nxa4 39. f3 Kd6 40. Kc4 Kc6 41. Nc2 e5 42. Kb3 Nb6 43. Na3 Kc5 44. Kxc3 a4 {[%cal Ba5a4,Ba4a3,Ba3a2][%mdl 32]} 45. Nc2 Nc4 46. Nb4 a3 47. Nd3+ Kb5 {( -> ...a2)} 48. Nc1 Ne3 49. Nd3 f6 50. f4 (50. Kb3 $142 a2 51. Kxa2) 50... exf4 51. gxf4 a2 52. Kb2 {[#]} Kc4 (52... Nc2 $142 $1 {[%mdl 512]} 53. Kxa2 (53. Kxc2 a1=Q) 53... Nb4+ 54. Nxb4 Kxb4) 53. Nf2 Kd4 54. Kxa2 Ng2 55. e5 fxe5 56. fxe5 Kxe5 57. Kb3 Kd4 (57... Ne1 $142 58. Nd1 Nf3) 58. Kc2 Ke3 59. Nd3 Nh4 60. Nc5 Nf3 61. Ne6 g5 {Black mates.} 62. h3 h5 {[%cal Bh7h5,Bh5h4,Bh4h3,Bh3h2][%mdl 32]} 63. Ng7 h4 64. Ne8 {[#]} g4 $1 {[%mdl 512]} 65. hxg4 h3 66. Ng7 h2 67. Nf5+ Kf2 {Precision: White = 43%, Black = 76%.} 0-1

[Event "1st Gujarat GM Open 2018"]
[Site "Ahmedabad"]
[Date "2018.10.12"]
[Round "10"]
[White "Meftahi, Houssem"]
[Black "Thipsay, Praveen M"]
[Result "0-1"]
[WhiteElo "2119"]
[BlackElo "2410"]
[Annotator "TA"]
[PlyCount "58"]
[EventDate "2018.10.05"]
[EventType "swiss"]
[EventCountry "IND"]
[SourceTitle "playchess.com"]
[Source "ChessBase"]
[SourceQuality "1"]

{[%evp 15,58,26,2,-39,18,12,18,10,10,0,0,-88,-91,-94,-86,-232,-92,-175,-173,-193,-195,-200,-114,-173,-185,-183,-197,-198,-175,-272,-269,-291,-109,-327,-325,-286,-591,-589,-590,-712,-710,-689,-672,-1419,-1412]} 1. e4 e5 2. Bc4 Nf6 3. Nc3 Nc6 4. d3 Bc5 5. f4 d6 6. Nf3 Bg4 7. Na4 Bb6 8. Nxb6 axb6 {LiveBook: 34 Games} 9. a4 $146 {C30: King's Gambit Declined} ({Predecessor:} 9. O-O h6 10. Qe1 Qd7 11. fxe5 dxe5 12. Qg3 O-O-O 13. Be3 Rhe8 14. a4 Nh5 15. Qe1 Nf4 16. Bb5 Bxf3 17. Rxf3 {1-0 (56) Skytte,R (2390)-Jussupow,A (2585) Tallinn 2016}) 9... d5 (9... Bxf3 $15 10. Qxf3 Nd4) 10. exd5 $11 Nxd5 11. O-O {The position is equal.} exf4 12. Re1+ Be6 13. b4 (13. Bxd5 $11 {remains equal.} Qxd5 14. Bxf4) 13... Ncxb4 $17 14. Ba3 {White wants to play Bxb4.} Nc6 {aiming for ...Ne3.} 15. Re4 (15. Qe2 $17) 15... Ne3 (15... Nc3 $19 16. Rxe6+ fxe6) 16. Qe2 (16. Bxe6 $17 fxe6 17. Qe2) 16... Qf6 $19 (16... Rxa4 17. Rxf4 Nxc4 18. dxc4 $17) 17. Rb1 Rxa4 18. Bb2 {[#]} Qh6 (18... Qe7 $1 $19 19. Qe1 Nxc4 20. dxc4 O-O) 19. Bxe6 (19. Bc1 $17 {is a better defense.}) 19... Rxe4 20. Bxf7+ Kxf7 21. dxe4 Rd8 22. Qb5 (22. Re1 $142) 22... Qg6 {[%csl Ge3][%cal Rg6g2] [#]} 23. g3 h6 $2 (23... Kg8 $19 {and Black stays clearly on top.} 24. Qb3+ Kh8) 24. Qb3+ $2 (24. Ne5+ $17 Nxe5 25. Qxe5) 24... Ke7 {[%cal Bf7e7,Be7e8,Be8d7][%mdl 32]} 25. Qa3+ Ke8 26. Qb3 {Black is clearly winning.} Qxe4 27. Qg8+ Kd7 28. Qf7+ Kc8 29. Qxf4 Qxc2 {Precision: White = 15%, Black = 52%.} 0-1

[Event "1st Gujarat GM Open 2018"]
[Site "Ahmedabad"]
[Date "2018.10.12"]
[Round "10"]
[White "Satkar, Chirag"]
[Black "Wagh Suyog"]
[Result "1/2-1/2"]
[WhiteElo "2089"]
[BlackElo "2312"]
[Annotator "TA"]
[PlyCount "59"]
[EventDate "2018.10.05"]
[EventType "swiss"]
[EventCountry "IND"]
[SourceTitle "playchess.com"]
[Source "ChessBase"]
[SourceQuality "1"]

{[%evp 12,59,29,27,30,11,21,-13,7,26,17,9,15,8,15,0,31,14,55,32,30,25,17,4,14,11,46,32,22,25,22,8,26,27,37,38,79,64,52,0,41,0,83,0,36,0,76,0,47,0]} 1. d4 d5 2. c4 c6 3. Nf3 Nf6 4. e3 Bf5 5. Nc3 e6 6. Nh4 Be4 7. f3 Bg6 {D12: Slav Defence: 3 Nf3 Nf6 4 e3 Bf5} 8. Nxg6 (8. Qb3 Qc7 9. Bd2 Be7 10. O-O-O dxc4 11. Bxc4 a6 12. Be2 Nbd7 13. Nxg6 hxg6 14. Kb1 c5 15. d5 exd5 16. Nxd5 Nxd5 17. Qxd5 {0-1 (31) Karjakin,S (2773)-Caruana,F (2822) Saint Louis 2018}) 8... hxg6 9. g3 c5 {The position is equal.} 10. cxd5 exd5 11. Bg2 Nc6 12. O-O Qd7 $146 ({Predecessor:} 12... Be7 13. f4 Qd7 14. dxc5 Rd8 15. a3 Bxc5 {0-1 (39) Romanko,M (2226)-Girya,O (2376) St Petersburg 2010}) 13. Na4 cxd4 14. exd4 b6 15. Re1+ Be7 16. Bf4 O-O 17. Rc1 {[#] Rxc6! is the strong threat.} Rac8 18. Bf1 {Threatening Ba6.} Na5 19. Rxc8 Rxc8 20. Ba6 Rd8 21. Nc3 Bb4 22. Qd3 Nc4 23. b3 $36 {[%mdl 2048] White fights for an advantage.} Nd6 24. Rc1 Ba3 25. Re1 Bb4 26. Rc1 Ba3 $1 {[%cal Ra3c1]} 27. Re1 Bb4 28. Rc1 Ba3 $1 {[%cal Ra3c1]} 29. Re1 Bb4 30. Rc1 {Precision: White = 38%, Black = 39%.} 1/2-1/2

[Event "1st Gujarat GM Open 2018"]
[Site "Ahmedabad"]
[Date "2018.10.12"]
[Round "10"]
[White "Nayak Rajesh"]
[Black "Rathanvel, V S"]
[Result "*"]
[WhiteElo "2084"]
[BlackElo "2341"]
[Annotator "TA"]
[PlyCount "44"]
[EventDate "2018.10.05"]
[EventType "swiss"]
[EventCountry "IND"]
[SourceTitle "playchess.com"]
[Source "ChessBase"]
[SourceQuality "1"]

{[%evp 11,12,18,18]} 1. e4 c5 2. Nf3 d6 3. d4 cxd4 4. Nxd4 Nf6 5. Nc3 a6 6. Bc4 e6 {LiveBook: 5607 Games} {Predecessor:} 7. O-O $146 b5 8. Bb3 Be7 9. Qf3 Qb6 10. Be3 Qb7 11. Qg3 Nbd7 12. f3 b4 13. Na4 O-O 14. Rfd1 Rb8 15. Ne2 Ne5 16. a3 a5 17. axb4 axb4 18. Nb6 Qc7 19. Qf2 Nfd7 20. Ra7 Rb7 21. Nxc8 Rxc8 22. Rxb7 Qxb7 {0-1 (29) Ivanchuk,V (2726)-Artemiev,V (2691) Huaian 2017} *

[Event "1st Gujarat GM Open 2018"]
[Site "Ahmedabad"]
[Date "2018.10.12"]
[Round "10"]
[White "Nayak Rajesh"]
[Black "Rathanvel, V S"]
[Result "1/2-1/2"]
[WhiteElo "2084"]
[BlackElo "2341"]
[Annotator "TA"]
[PlyCount "61"]
[EventDate "2018.10.05"]
[EventType "swiss"]
[EventCountry "IND"]
[SourceTitle "playchess.com"]
[Source "ChessBase"]
[SourceQuality "1"]

{[%evp 25,61,-59,-38,-28,-39,-43,-35,-30,-30,-58,-59,-60,-72,-89,-91,-106,-98,-77,0,0,0,0,0,0,0,0,0,0,0,0,0,0,0,0,0,0,0,-29986]} 1. e4 c5 2. Nf3 d6 3. d4 cxd4 4. Nxd4 Nf6 5. Nc3 a6 6. Bc4 e6 7. O-O Be7 8. Bb3 O-O 9. f4 b5 10. e5 dxe5 11. fxe5 Nfd7 {[%cal Bf6d7,Bd7e5,Be5c6][%mdl 32]} 12. Be3 Nxe5 13. Qh5 Nbc6 14. Nxc6 {B87: Sicilian Scheveningen/Najdorf: 6 Bc4, with early ...b5} Nxc6 15. Rf3 Qd6 16. Rh3 {[%csl Gh3][%cal Rh5h7] Black is slightly better.} h6 17. Rd1 $146 ({Predecessor:} 17. Bxh6 Qc5+ 18. Qxc5 Bxc5+ 19. Be3 Bxe3+ 20. Rxe3 Rd8 21. Rd1 Bb7 {0-1 (53) Vanchak,I (2326)-Schnabel,M (2437) ICCF email 2010}) 17... Qe5 18. Qf3 $1 {[%cal Rf3c6]} Bc5 19. Bxc5 Qxc5+ 20. Kh1 Bb7 21. Ne4 {[#]} Qe7 (21... Qe5 $1 $17 {aiming for ...Rad8.} 22. Nd6 Nd4 23. Qxb7 Rad8) 22. Rd7 $1 $36 {[%cal Rd7e7][%mdl 2048] The position is equal. White has good play.} Qxd7 23. Nf6+ $1 gxf6 24. Qg4+ Kh7 {[#]} 25. Rxh6+ $3 {[%mdl 512]} Kxh6 26. Qh4+ Kg7 27. Qg4+ Kh7 28. Qh4+ Kg7 29. Qg4+ Kh7 30. Qh4+ Kg7 {( -> ...Qd1+)} 31. Qe1 $2 {[%mdl 40960] An unexpected result.} (31. Qg3+ $11 Kh7 32. Qh4+) 1/2-1/2

[Event "1st Gujarat GM Open 2018"]
[Site "Ahmedabad"]
[Date "2018.10.12"]
[Round "10"]
[White "Karthik Sai Ch"]
[Black "Patil, Pratik"]
[Result "0-1"]
[WhiteElo "2059"]
[BlackElo "2280"]
[Annotator "TA"]
[PlyCount "90"]
[EventDate "2018.10.05"]
[EventType "swiss"]
[EventCountry "IND"]
[SourceTitle "playchess.com"]
[Source "ChessBase"]
[SourceQuality "1"]

{[%evp 14,90,0,-8,-5,-60,-55,-37,-70,-148,-148,-168,-166,-175,-169,-176,-177,-185,-154,-190,-182,-192,-152,-157,-145,-140,-130,-144,-139,-148,-143,-148,-146,-243,-213,-256,-178,-179,-171,-229,-189,-210,-194,-206,-206,-206,-206,-243,-243,-243,-243,-248,-249,-245,-247,-250,-227,-252,-234,-233,-233,-233,-233,-280,-291,-471,-471,-471,-256,-875,-870,-861,-464,-464,-464,-786,-572,-1314,-1264]} 1. d4 Nf6 2. Nf3 g6 3. Nc3 d5 4. Bf4 Bg7 5. e3 O-O 6. Be2 c6 7. Ne5 Nbd7 8. h4 Qb6 {D00: 1 d4 d5: Unusual lines} 9. Qd2 ({White should play} 9. b3 $11) (9. a3 Ne8 10. Nxd7 Bxd7 11. Na4 Qa5+ 12. c3 Nd6 13. Nc5 Bc8 14. h5 Nc4 15. b4 Qd8 16. Bxc4 dxc4 17. hxg6 fxg6 {0-1 (47) Blatny,P (2324)-Paragua,M (2513) Las Vegas 2017}) 9... Qxb2 10. Rb1 Qa3 {Black is slightly better.} 11. Nxd7 $146 (11. h5 $15) ({Predecessor:} 11. h5 Nxe5 12. Bxe5 Ne4 13. Nxe4 dxe4 14. hxg6 hxg6 15. Bxg7 Kxg7 16. f3 {0-1 (45) Avalos Parra,J (2323)-Zukerfeld,A (2237) Buenos Aires 2005}) 11... Nxd7 $17 12. O-O e5 13. dxe5 Nxe5 {Hoping for ...Nc4.} ({And not} 13... Bxe5 14. Bxe5 Nxe5 15. e4 $11) 14. Rb3 Qe7 15. Bg5 Qc7 16. Bf4 Be6 17. Rbb1 Qa5 18. Ne4 Qxd2 19. Nxd2 b6 20. Ba6 Rad8 21. a4 d4 22. Bxe5 Bxe5 23. Nc4 (23. e4 $17) 23... Bf6 24. g3 dxe3 25. Nxe3 Rd4 26. c4 (26. Bb7 {was necessary.}) 26... Rd7 27. Rbd1 Bd4 28. Bb7 Bxe3 ({Much less strong is} 28... Rxb7 29. Rxd4 c5 30. Rd6 $17) 29. Rxd7 {[#]} Bxf2+ $1 {[%mdl 512]} 30. Rxf2 Bxd7 $19 {[%mdl 4096] Endgame KRB-KRB} 31. Rd2 Be6 32. Bxc6 Bxc4 33. Rd7 {[#]} Rc8 $1 {[%cal Rc8c6]} 34. Be4 a6 35. Rb7 b5 36. axb5 axb5 37. g4 Re8 38. Bc6 Re6 39. Bxb5 $2 (39. Bf3 {might work better.}) 39... Bxb5 40. Rxb5 {KR-KR} Re4 41. g5 $2 (41. Kg2 Rxg4+ 42. Kh3) 41... Rxh4 {Black is clearly winning.} 42. Kg2 Rf4 43. Kg3 Rf1 44. Kg4 (44. Rb2 $142 Rh1 45. Rf2) 44... Kg7 45. Kg3 Rf5 {Precision: White = 33%, Black = 83%.} 0-1